Signals and systems (Record no. 136747)

000 -LEADER
fixed length control field 00267nam a2200109Ia 4500
008 - FIXED-LENGTH DATA ELEMENTS--GENERAL INFORMATION
fixed length control field 220120s9999||||xx |||||||||||||| ||und||
100 ## - MAIN ENTRY--PERSONAL NAME
Personal name Kumar, Uday, S
245 #0 - TITLE STATEMENT
Title Signals and systems
260 ## - PUBLICATION, DISTRIBUTION, ETC.
Place of publication, distribution, etc. Bharat prakashan
Date of publication, distribution, etc. 2000
300 ## - PHYSICAL DESCRIPTION
Other physical details 0
650 ## - SUBJECT ADDED ENTRY--TOPICAL TERM
Topical term or geographic name entry element COMPUTER SCIENCE
Holdings
Withdrawn status Lost status Damaged status Not for loan Collection code Home library Current library Date acquired Total Checkouts Barcode Date last seen Date last checked out Price effective from Koha item type
        Electronics and Communication Engineering Central Library Central Library 01/20/2022 1 GF606 05/31/2023 03/29/2023 01/20/2022 Gift Books

Powered by Koha